Mahdia, chroniques d'une ville heureuse (notice n° 9156)

détails MARC
000 -Label
leader 01594nam a2200265 4500
010 ## - ISBN
ISBN 798-9938-00-326-0
099 ## - Informations locales
Type de document Livre
100 ## - Données générales de traitement
a 20251023d u||y0frey5050 ba
101 ## - Langue
langue document français
102 ## - Pays d'édition ou de production
pays d'édition Tunisie
200 ## - Titre
titre propre Mahdia, chroniques d'une ville heureuse
type de document Livre
auteur Alya Hamza
auteur secondaire Majed Zalila
-- Frédéric Mitterand
-- Lilia Hadj Khélifa
210 ## - Editeur
lieu de publication Tunis
nom de l'éditeur Simpact
date de publication Mars 2021
215 ## - Description
Importance matérielle 108 p.
autres carac. Couv.Ill.Coul.
format 15 x 21
330 ## - Résumé
Résumé "Dans le nouvel ouvrage de Alya Hamza Mahdia, chroniques d’une ville heureuse, l’autrice nous invite à une promenade nostalgique dans le patrimoine réel et imaginaire de cette ville avec ce livre que l’on feuillette en marchant. Ce n’est pas un hasard si Mahdia est une ville sur laquelle beaucoup ont écrit. Mais Alya restitue dans son livre, les clichés qui ont probablement échappé à tous les regards initiés. Ici, donc, pas de carte postale aux teintes saturées, mais plutôt un kaléidoscope. Fascinante combinaison de récits populaires, de souvenirs, de légendes nourries par un passé dense et pas toujours tranquille. " Par Chokri Ben Nessir Publié dans le journal la Presse le 2 mai 2021
606 ## - sujets
sujet Livre illustré
koha internal code 24461
subdiv. sujet Patrimoine
-- Folklore
606 ## - sujets
sujet Vie quotidienne
subdiv. géo. Mahdia
koha internal code 24462
607 ## - sujets
sujet Tunisie
subdiv. sujet Mahdia
subdiv. géo. Méditerranée
koha internal code 24463
700 ## - Auteur
code de fonction Auteur
auteur Hamza
prénom Alya
koha internal code 24464
701 ## - coauteur
code de fonction Illustrateur
nom Zalila
prénom Majed
koha internal code 24465
701 ## - coauteur
code de fonction Préfacier, auteur d'introduction
nom Mitterand
prénom Frédéric
koha internal code 24466
702 ## - Auteur secondaire
code de fonction Éditeur scientifique
nom Hadj Khélifa
prénom Lilia
koha internal code 24467
801 ## - source de catalogage
pays TN
agence de catalogage 32BIS
date de la transaction 20251023
règles de catalogage utilisées UNIMARC
830 ## - note
catalogeur ABA
Exemplaires
Propriétaire Dépositaire Localisation Code barre Numéro Inventaire Cote Note Statut
The 32bis Library The 32bis Library Salle de lecture 32BIS 006904 6824 848 HAM Dépôt MAB Consultable sur place
32 bis, rue Ben Ghedhahem 1000 Tunis - Tunisie www.32bis.org
Contact : mediatheque@32bis.org